000 00643nam a22001931a 4500
001 1939
003 OSt
005 20260204211753.0
008 040122s1999||||dr ||||||b||||||||||spa||
050 _aRD 635. 52 C333c
082 _aRD 635. 52 C333c
245 _aCentro para el Desarrollo Agropecuario y Forestal: cultivo de lechuga y apio / Centro para el Desarrollo Agropecuario y Forestal
264 _aSanto Domingo : CEDAF
300 _a34 P.
490 _aGuía tecnica NO. 34
500 _aIncluye bibliografías.
650 _a1.Horticultura - Lechuga 2.Horticultura Apio 3.Fundación de Desarrollo AgropecuarioÌ
942 _2ddc
_cBK
999 _c1939
_d1939